Balance del Liberalismo Chileno. Discursos pronunciados por el Diputado de Maipo Don Carlos Walker Martínez en las Sesiones Estraordinarias de 1887
Պահպանված է:
| Հիմնական հեղինակ: | |
|---|---|
| Ձևաչափ: | Գիրք |
| Լեզու: | իսպաներեն |
| Հրապարակվել է: |
Santiago
Imprenta de El Progreso
1888
|
| Հրատարակություն: | 1a. ed |
| Խորագրեր: | |
| Ցուցիչներ: |
Ավելացրեք ցուցիչ
Չկան պիտակներ, Եղեք առաջինը, ով նշում է այս գրառումը!
|
MARC
| LEADER | 00000nam a2200000 a 4500 | ||
|---|---|---|---|
| 001 | UCJ7685 | ||
| 003 | CL-VaPUC | ||
| 008 | 070124e18880000CL |||||||||||||||||spa|d | ||
| 082 | 0 | 4 | |a 983 |b WAL |2 21 |
| 100 | 0 | |a Walker Martínez, Carlos |e author |9 438546 | |
| 245 | 1 | 0 | |a Balance del Liberalismo Chileno. Discursos pronunciados por el Diputado de Maipo Don Carlos Walker Martínez en las Sesiones Estraordinarias de 1887 |
| 250 | |a 1a. ed | ||
| 300 | |a 204 p | ||
| 942 | |c BK | ||
| 945 | |d 20070124 00:00:00 |a rinostro | ||
| 260 | |a Santiago |b Imprenta de El Progreso |c 1888 | ||
| 650 | 0 | |a Historia de Chile |9 265473 | |
| 650 | 0 | |a Partidos políticos |9 254999 | |
| 650 | 7 | |a PARTIDO LIBERAL |2 CL-VaPUC |9 324644 | |
| 650 | 7 | |a DISCURSOS PARLAMENTARIOS |2 CL-VaPUC |9 504230 | |
| 650 | 0 | |a Hacienda pública |9 258673 | |
| 650 | 0 | |a Ética |9 255099 | |
| 583 | |a last modification |c 20070124 00:00:00 |k Rodrigo Vera | ||
| 999 | |c 323667 |d 323665 | ||
| 952 | |0 0 |1 0 |4 0 |6 983_000000000000000_WAL_1888 |7 0 |8 X |9 403439 |a FDOBUD |b FDOBUD |d 2019-11-22 |i 1067591 |o 983 WAL 1888 |p 1067591 |r 2019-11-22 |w 2019-11-22 |y BK_X |k BUD | ||